000 00339nam a2200133Ia 4500
008 100328s9999 xx 000 0 und d
082 _b1135
100 _aChekhov A. P.
245 _aShort Novels And Stories
260 _bForeign Languages
630 _aShort Novels And Stories
730 _aShort Novels And Stories
942 _cBOOK
999 _c497431
_d497428